La cazadora de Indiana Jones
Na minha lista:
| Autor principal: | |
|---|---|
| Formato: | Livro |
| Idioma: | espanhol |
| Publicado em: |
Madrid
SM
1989
|
| Edição: | 13a. ed |
| Colecção: | <El >barco de vapor, 53
|
| Assuntos: | |
| Tags: |
Adicionar Tag
Sem tags, seja o primeiro a adicionar uma tag!
|
MARC
| LEADER | 00000nam a2200000 a 4500 | ||
|---|---|---|---|
| 001 | UCH8142 | ||
| 003 | CL-VaPUC | ||
| 008 | 091127e19890000SP |||||||||||||||||spa|d | ||
| 020 | |a 8434827662 | ||
| 082 | 0 | 4 | |a 863 |b BAL |2 21 |
| 100 | 0 | |a Balzola, Asun |e author |9 544591 | |
| 245 | 1 | 3 | |a La cazadora de Indiana Jones |
| 250 | |a 13a. ed | ||
| 300 | |a 101 p | ||
| 942 | |c BK | ||
| 945 | |d 20091127 00:00:00 |a lazolas | ||
| 260 | |a Madrid |b SM |c 1989 | ||
| 500 | |a Lectura a partir de los 12 años | ||
| 650 | 0 | |a Literatura |9 259151 | |
| 650 | 0 | |a Literatura española |9 306261 | |
| 650 | 0 | |a Novelas españolas |9 265052 | |
| 650 | 0 | |a Escritores españoles |9 318145 | |
| 650 | 0 | |a Cuentos |9 308079 | |
| 650 | 0 | |a Lectura |9 307634 | |
| 583 | |a last modification |c 20091127 00:00:00 |k Rodrigo Vera | ||
| 490 | 0 | |a <El >barco de vapor, 53 | |
| 999 | |c 338384 |d 338382 | ||